| 000 | 01989 a2200205 4500 | ||
|---|---|---|---|
| 001 | 50020 | ||
| 005 | 20260407155801.0 | ||
| 008 | 260407a1965 arg spa d | ||
| 003 | AR-UNSa-BCEJYS | ||
| 040 |
_aAR-UNSa-BCEJYS _bspa _cAR-UNSa-BCEJYS |
||
| 080 |
_a330.8 _xHistoria de las teorías, Doctrinas, Dogmas económicos (pensamiento económico) |
||
| 245 | 1 | 0 | _aHistoria del pensamiento económico |
| 264 | 1 |
_aBuenos Aires : _bTEA (Tipográfica Editora Argentina) _c1965 |
|
| 300 |
_a609 p. _c23 cm. |
||
| 505 | _a1. El siglo VIII, Locke y Newton: El orden natural y los fisiócratas - 2. Los precursores de Adam Smith en filosofía moral - 3. La filosofía de la ciencia y la teoría de la psicología social y de la ética de Adam Smith - 4. El ideal y la teoría de la economía liberal autoajustable de Adam Smith - 5. El Benthamismo - 6. Malthus: crecimiento y pobreza de la población y economía clásica - 7. Ricardo: Introducción - 8. Ricardo: La teoría ricardiana de los valores de cambio, partes de renta y desarrollo económico, y la herejía de la falta de consumo - 9. Juan Stuart Mill: filosofía, ética, política y lógica - 10. Juan Stuart Mill: economía y economía política - 11. Carlos Marx y su sistema intelectual: sus elementos socialistas, ricardianos y hegelianos - 12. El liberalismo conservador victoriano y la economía neoclásica - 13. La economía de Marshall - 14. Del último apogeo del liberalismo clásico a las ideologías, regímenes y conflictos mundiales de mediados del siglo XX: socialismo democrático y liberalismo intervencionista - 16. Desarrollos recientes de nuevas teorías económicas relativas a problemas de política económica: un nuevo análisis de la competencia y el monopolio - 17. Recientes desarrollos de nuevas teorías económicas relacionadas con problemas de normas públicas: la economía keynesiana. | ||
| 041 | _aspa | ||
| 942 | _cBK | ||
| 590 | _aniveau_biblio:m niveau_hierar:0 | ||
| 100 | 1 | _aTaylor, Overton H. | |
| 999 |
_c4938 _d4938 |
||